000 00667nam a2200265Ia 4500
003 OSt
005 20221007095025.0
006 a|||||r|||| 00| 0
007 ta
008 221006b |||||||| |||| 00| 0 eng d
020 _a8175340495
024 _a673
037 _cTextual
040 _aLCO
_cLCO
_beng
041 _2eng
_aeng
082 _aZ,91, J8
100 _aAllen C.K.
_9121910
245 0 _aAspects of Justice
250 _a2nd
260 _aDelhi
_bUniversal Law Publishing Company India
_c1958
300 _a310
650 _aASPECTS OF JUSTICE
_9700676
942 _hZ,91, J8
_cTEXL
999 _c1170236
_d1170236